00611nam a22001817a 450000500170000001000150001702000260003203500140005803700130007208200080008524500380009325000190013126000420015027001410019230000310033349000350036450000300039920190716124316.0 aENG-125943 a9789353431747c160.00 aEN-109475 bDBAD/PUB a540 aChemistry practice books class-10 aSecond edition aNoida bPearson India Educationc2019 a15th Floor, Tower-B, World Trade Tower, Plot No.I, Block-C, Sector 16bNoida, Uttar Pradesh e201301mcompanysecretary.india@pearson.com avarious paging.c25cm(pbk) aPearsons IIT foundation series aTrishna knowledge systems